| 000 | 02894cam a22003495a 4500 | ||
|---|---|---|---|
| 001 | 010696269 | ||
| 003 | EG-ScBUE | ||
| 005 | 20220407133059.0 | ||
| 008 | 980810s1998 enka f b 001 0 eng d | ||
| 020 | _a058223154X | ||
| 020 | _a9780582231542 | ||
| 040 |
_aDLC _beng _erda _cDLC _dEG-ScBUE |
||
| 082 | 0 | 4 |
_222 _a410.285 _bKEN |
| 100 | 1 |
_aKennedy, Graeme D., _eauthor. _941190 |
|
| 245 | 1 | 3 |
_aAn introduction to corpus linguistics / _cGraeme Kennedy. |
| 264 | 1 |
_aLondon ; _aNew York : _bLongman, _c1998. |
|
| 300 |
_axii, 315 pages : _billustrations ; _c23 cm. |
||
| 336 |
_2rdacontent _atext _btxt |
||
| 337 |
_2rdamedia _aunmediated _bn |
||
| 338 |
_2rdacarrier _avolume _bnc |
||
| 490 | 0 | _aStudies in language and linguistics | |
| 504 | _aIncludes bibliographical references and index. | ||
| 505 | _a1. INTRODUCTION: Corpora -- The role of computers in corpus linguistics -- The scope of corpus linguistics -- 2. THE DESIGN AND DEVELOPMENT OF CORPORA: Pre-electronic corpora -- Types of electronic corpora -- Major electronic corpora for linguistic research -- Electronic text databases -- Issues in corpus design and compilation -- Compiling a corpus -- Organizations and professional associations concerned with corpus design, development and research -- 3. CORPUS-BASED DESCRIPTIONS OF ENGLISH: Lexical description -- Grammatical studies centred on morphemes or words -- Grammatical studies centred on the sentence -- Pragmatics and spoken discourse -- Corpus-based studies of variation in the use of English -- 4. CORPUS ANALYSIS: Corpus annotation and processing -- Procedures used in corpus analysis -- Corpus search and retrieval software -- 5. IMPLICATIONS AND APPLICATIONS OF CORPUS-BASED ANALYSIS: Goals of linguistic description and the effect of corpora on methodology -- Corpus linguistics and computational linguistics -- Corpus-based approaches to language teaching. | ||
| 520 | _a"The use of large, computerized bodies of text for linguistic analysis and description has emerged in recent years as one of the most significant and rapidly-developing fields of activity in the study of language. This book provides a comprehensive introduction and guide to Corpus Linguistics. All aspects of the field are explored, from the various types of electronic corpora that are available to instructions on how to design and compile a corpus. Graeme Kennedy surveys the development of corpora for use in linguistic research, looking back to the pre-electronic age as well as to the massive growth of computer corpora in the electronic age." | ||
| 650 | 7 |
_aComputational linguistics _xMethodology. _2BUEsh _941191 |
|
| 650 | 7 |
_aDiscourse analysis _xData processing. _2BUEsh _941192 |
|
| 650 | 7 |
_aEnglish language _xData processing. _2BUEsh _941193 |
|
| 651 | _2BUEsh | ||
| 653 |
_bHHUUEENN _cSeptember2016 |
||
| 655 |
_vReading book _934232 |
||
| 942 |
_2ddc _e22 _k410.285 KEN _cBB |
||
| 999 |
_c22390 _d22362 |
||